Landen met de Langste Kustlijn - Statistieken

Algemene statistieken
  • Deze quiz is 5.102 keer genomen
  • De gemiddelde score is 16 van 20
Antwoordstatistieken
Kilometer Land % Correct
137.000 Canada
98%
73.100 Rusland
98%
69.500 Verenigde Staten
98%
34.100 Australië
95%
18.700 Brazilië
94%
31.300 Chili
94%
16.800 China
91%
27.400 Noorwegen
88%
11.000 India
87%
15.500 Japan
87%
15.600 Mexico
87%
52.500 Indonesië
86%
10.300 Nieuw-Zeeland
81%
16.700 Verenigd Koninkrijk
75%
6.520 Zweden
73%
48.800 Denemarken(inclusief Groenland)
70%
12.200 Frankrijk
69%
17.300 Filipijnen
60%
9.480 Griekenland
51%
11.200 Papoea-Nieuw-Guinea
35%
Geen overeenkomende quizzen gevonden
Scoreverdeling
Procent van Mensen met Elke Score
Percentiel versus Aantal Correcte Antwoorden
Uw Scoregeschiedenis
U heeft deze quiz nog niet genomen